000 01524nam a22003857a 4500
003 CHAP
005 20220817044158.0
008 070912d2005 it rn 00010 eng d
010 _a93991
011 _a94963
020 _a9251053839
035 _a105565
040 _cCHAP
082 0 4 _a639.3731
_bF3y
110 2 _aFAO
245 1 0 _aCephalopods of the world :
_ban annotated and illustrated catalogue of cephalopod species known to date
_c/editado por P. Jereb y C.F.E. Roper
260 _aRoma :
_bFAO,
_c2005
300 _av. :
_billus., gráfs.
490 0 _aFAO. Species catalogue for fishery purposes
_v; 4
500 _aLa biblioteca tiene : tom.1 Chambered nautiluses and sepioids (nautilidae, seplidae, sepiolidae, sepiadariidae, idiosepiidae and spirulidae). -- Tom.2 Myopsid and Oegopsid Squids
590 _aBATCH-UPD
_b10
_c20130110
_lUCH01
_h0525
590 _aBATCH-UPD
_b10
_c20130410
_lUCH01
_h0205
590 _aBATCH-UPD
_b10
_c20130914
_lUCH01
_h0606
590 _aCONVERSION
_b10
_c20130109
_lUCH01
_h1352
650 1 4 _aBentos.
_911709
650 1 4 _aEcología marina.
_935183
650 1 4 _aMoluscos.
_977447
700 1 _aJereb, P.
_e, ed.
_961379
700 1 _aRoper, C. F. E.
_e, ed.
_999805
830 0 0 _aFAO. Species catalogue for fishery purposes
_v; 4
_939701
901 _aBK
942 _cLIBRO
949 _a639.3731 F3y
_bBC
_cFAO
_d33724002023157
_eFAO1
_fv.4 t.1
_gDonaciØn
_h107474
_i105565
_sb
949 _a639.3731 F3y
_bBC
_cFAO
_d33724002301058
_eFAO1
_fv.4 t.2
_gDonaciØn
_h115556
_i105565
_sb
999 _c93991
_d93991